MARC

LEADER 00000nam0a2200000 4500
001 306711
005 20231102001924.0
035 |a (RuTPU)RU\TPU\book\331988 
090 |a 306711 
100 |a 20151009d1983 km y0rusy50 ca 
101 0 |a rus 
102 |a RU 
105 |a a z 001zy 
200 1 |a Организация обслуживания железнодорожных устройств автоматики и связи  |f А. И. Брейдо, В. А. Овсянников  |g под ред. В. С. Аркатова 
210 |a Москва  |c Транспорт  |d 1983 
215 |a 208 с.  |c ил. 
320 |a Библиогр.: с. 205-207 
606 1 |a Железнодорожная радиосвязь  |x Служба Кип и автоматики  |2 stltpush  |3 (RuTPU)RU\TPU\subj\10373  |9 37458 
610 1 |a автоматика 
610 1 |a системы связи 
610 1 |a техническое обслуживание 
610 1 |a дистанция 
610 1 |a системный подход 
610 1 |a экономическая эффективность 
610 1 |a оценка 
610 1 |a качество 
610 1 |a управление производством 
610 1 |a методы 
610 1 |a технологии 
610 1 |a планирование 
610 1 |a контроль 
610 1 |a технологическое проектирование 
675 |a 656.254  |v 4 
700 1 |a Брейдо  |b А. И.  |g Альберт Ицкович 
701 1 |a Овсянников  |b В. А.  |g Владимир Алексеевич 
702 1 |a Аркатов  |b В. С.  |4 340 
801 1 |a RU  |b 63413507  |c 20151009 
801 2 |a RU  |b 63413507  |c 20190520  |g RCR 
942 |c BK